| 000 | 00619nam a2200217Ia 4500 | ||
|---|---|---|---|
| 003 | IT-RoPAU | ||
| 008 | 120407s9999 xx 000 0 und d | ||
| 040 | _aIT-RoPAU | ||
| 040 | _cIT-RoPAU | ||
| 041 | _afra | ||
| 100 | _aOrigene | ||
| 245 | _aHomèlies sur le Levitique. (Testo latini-francese) | ||
| 250 | _aParis | ||
| 260 | _aDu Cerf | ||
| 260 | _c1981 | ||
| 300 | _c19,5 cm | ||
| 490 | _v1 | ||
| 600 | _a"1° Homèlies I-VII 374 p. (Sources C., 286) 2° homèlies VIII- XVI 377 p. (Sources C., 287) . " | ||
| 942 | _cBK | ||
| 999 |
_c13858 _d13858 |
||